|
|
|
|
| LEADER |
00000nam a2200000 a 4500 |
| 001 |
vtls001405501 |
| 003 |
SK-MaSNL |
| 005 |
20260301012219.0 |
| 008 |
251113s1962 xr 0 cze |
| 035 |
|
|
|a SNK000360121
|
| 040 |
|
|
|a SNK
|b slo
|c SNK
|e AACR2
|
| 041 |
0 |
|
|a cze
|
| 044 |
|
|
|a xr
|c CZ
|
| 100 |
1 |
|
|a Vilímek, Oldřich,
|d 1927-
|4 aut
|9 103474
|
| 245 |
1 |
|
|a Technologie pro 1. ročník odborných učilišť a učňovských škol textilních. Učební obor tkadlec stuh - 1009
|c Oldřich Vilímek, František Krbek, Zdeněk Tomaňa
|
| 250 |
|
|
|a 2. vyd.
|
| 260 |
|
|
|a Praha
|b Státní pedagogické nakladatelství
|c 1962
|
| 300 |
|
|
|a 98 s.
|c 28 cm
|
| 490 |
1 |
|
|a Učební texty odborných učilišť a učňovských škol
|
| 700 |
1 |
|
|a Krbek, František
|4 aut
|9 296853
|
| 700 |
1 |
|
|a Tomaňa, Zdeněk
|4 aut
|9 296854
|
| 830 |
|
0 |
|a Učební texty odborných učilišť a učňovských škol
|9 289156
|
| 999 |
|
|
|c 553003
|d 554933
|
| 952 |
|
|
|a SNK
|b SNK
|y PREZ
|7 0
|p 17A0265026
|o snkSB 9770
|i snkKSP 1044/63
|0 0
|1 0
|4 0
|d 2001-01-24
|f 1
|l 0
|r 2005-01-02 00:00:00
|w 2026-02-23
|
| 952 |
|
|
|t P60, <04>, [BOOK], {604}
|a SNK
|b SNK
|y VYP
|7 0
|p 17A0265042
|o snkSB 9770 D1
|i snkKSP 1045/63
|0 0
|1 0
|4 0
|d 2001-01-24
|l 0
|r 2005-01-02 00:00:00
|w 2026-02-23
|
| 952 |
|
|
|t P60, <04>, [BOOK], {604}
|a SNK
|b SNK
|y VYP
|7 0
|p 17A0265038
|o snkSB 9770 D2
|i snkKIP 6395/63
|0 0
|1 0
|4 0
|d 2001-01-24
|l 0
|r 2005-01-02 00:00:00
|w 2026-02-23
|